| 000 | 003230000a22000970004500 | ||
|---|---|---|---|
| 100 | 1 | _aWeisberg, Dvora E. | |
| 245 | 1 | 0 | _aThe window of our discontent : Levirate marriage in the bible and ancient Israel |
| 300 | _aVol. 28, Núm 4 (2004), Páginas 403-429 | ||
| 773 | 0 | _tJournal for the Study of the Old Testament | |
| 942 | _cANA | ||
| 999 |
_c54908 _d54908 |
||